Mechatronics : (Record no. 21370)
[ view plain ]
| 000 -LEADER | |
|---|---|
| fixed length control field | 01114cam a22003375a 4500 |
| 001 - CONTROL NUMBER | |
| control field | 18344213 |
| 005 - DATE AND TIME OF LATEST TRANSACTION | |
| control field | 20201128023655.0 |
| 008 - FIXED-LENGTH DATA ELEMENTS--GENERAL INFORMATION | |
| fixed length control field | 141022s2015 enka frb 001 0 eng d |
| 010 ## - LIBRARY OF CONGRESS CONTROL NUMBER | |
| LC control number | 2014041487 |
| 020 ## - INTERNATIONAL STANDARD BOOK NUMBER | |
| International Standard Book Number | 9781292076683 |
| 040 ## - CATALOGING SOURCE | |
| Original cataloging agency | DLC |
| Language of cataloging | eng |
| Transcribing agency | DLC |
| Modifying agency | EG-ScBUE |
| 082 04 - DEWEY DECIMAL CLASSIFICATION NUMBER | |
| Classification number | 621 |
| Item number | BOL |
| Edition number | 22 |
| 100 1# - MAIN ENTRY--PERSONAL NAME | |
| Personal name | Bolton, W. |
| Fuller form of name | (William), |
| Dates associated with a name | 1933- |
| 9 (RLIN) | 11206 |
| 245 10 - TITLE STATEMENT | |
| Title | Mechatronics : |
| Remainder of title | electronic control systems in mechanical and electrical engineering / |
| Statement of responsibility, etc | William Bolton. |
| 250 ## - EDITION STATEMENT | |
| Edition statement | 6th ed. |
| 260 ## - PUBLICATION, DISTRIBUTION, ETC. (IMPRINT) | |
| Place of publication, distribution, etc | Harlow : |
| Name of publisher, distributor, etc | Pearson Education Limited, |
| Date of publication, distribution, etc | 2015. |
| 300 ## - PHYSICAL DESCRIPTION | |
| Extent | xii, 650 p. : |
| Other physical details | ill. ; |
| Dimensions | 25 cm. |
| 500 ## - GENERAL NOTE | |
| General note | Index : p. [639]-650. |
| 500 ## - GENERAL NOTE | |
| General note | Includes appendixes. |
| 500 ## - GENERAL NOTE | |
| General note | 1st edition: 1995. |
| 504 ## - BIBLIOGRAPHY, ETC. NOTE | |
| Bibliography, etc | Includes bibliographical references. |
| 650 #7 - SUBJECT ADDED ENTRY--TOPICAL TERM | |
| Topical term or geographic name as entry element | Mechatronics. |
| Source of heading or term | BUEsh |
| 9 (RLIN) | 2630 |
| 650 #7 - SUBJECT ADDED ENTRY--TOPICAL TERM | |
| Topical term or geographic name as entry element | Electronic controllers. |
| Source of heading or term | BUEsh |
| 9 (RLIN) | 833 |
| 650 #7 - SUBJECT ADDED ENTRY--TOPICAL TERM | |
| Topical term or geographic name as entry element | Automatic control. |
| Source of heading or term | BUEsh |
| 9 (RLIN) | 12316 |
| 650 #0 - SUBJECT ADDED ENTRY--TOPICAL TERM | |
| Topical term or geographic name as entry element | Mechanical engineering. |
| Source of heading or term | BUEsh |
| 650 #7 - SUBJECT ADDED ENTRY--TOPICAL TERM | |
| Topical term or geographic name as entry element | Electrical engineering. |
| Source of heading or term | BUEsh |
| 9 (RLIN) | 33874 |
| 651 ## - SUBJECT ADDED ENTRY--GEOGRAPHIC NAME | |
| Source of heading or term | BUEsh |
| 653 ## - INDEX TERM--UNCONTROLLED | |
| Resource For college | Engineering, Mechanical |
| -- | Engineering, Electrical |
| Arrived date list | March2016 |
| 655 ## - INDEX TERM--GENRE/FORM | |
| Form subdivision | Text book |
| -- | 33728 |
| 942 ## - ADDED ENTRY ELEMENTS (KOHA) | |
| Source of classification or shelving scheme | Dewey Decimal Classification |
| Withdrawn status | Item status | Source of classification or shelving scheme | Damaged status | Not for loan | Vendor | Home library | Current library | Shelving location | Date acquired | Source of acquisition | Cost, normal purchase price | Total Checkouts | Full call number | Barcode | Date last seen | Cost, replacement price | Koha item type | Total Renewals | Date last borrowed | Checked out | Materials specified (bound volume or other part) |
|---|---|---|---|---|---|---|---|---|---|---|---|---|---|---|---|---|---|---|---|---|---|
| Dewey Decimal Classification | Baccah | Central Library | Central Library | First floor | 10/03/2016 | Purchase | 300.00 | 621 BOL | 000031978 | 15/07/2025 | 375.00 | NB - Book (Non borrowing) | |||||||||
| Dewey Decimal Classification | Baccah | Central Library | Central Library | First floor | 10/03/2016 | Purchase | 300.00 | 2 | 621 BOL | 000031979 | 15/07/2025 | 375.00 | Book - Borrowing | 11 | 06/12/2020 | ||||||
| Dewey Decimal Classification | Baccah | Central Library | Central Library | First floor | 10/03/2016 | Purchase | 1 | 621 BOL | 000031980 | 15/07/2025 | Book - Borrowing | 4 | 16/03/2021 | ||||||||
| Dewey Decimal Classification | Baccah | Central Library | Central Library | First floor | 10/03/2016 | Purchase | 4 | 621 BOL | 000031981 | 15/07/2025 | Book - Borrowing | 31 | 05/11/2023 | ||||||||
| Dewey Decimal Classification | Baccah | Central Library | Central Library | First floor | 10/03/2016 | Purchase | 2 | 621 BOL | 000031982 | 15/07/2025 | Book - Borrowing | 28 | 10/02/2018 | ||||||||
| Dewey Decimal Classification | Baccah | Central Library | Central Library | First floor | 10/03/2016 | Purchase | 5 | 621 BOL | 000031983 | 11/03/2026 | Book - Borrowing | 30 | 11/03/2026 | 03/05/2026 | |||||||
| Lost | Dewey Decimal Classification | Baccah | Central Library | Central Library | First floor | 10/03/2016 | Purchase | 1 | 621 BOL | 000031984 | 06/12/2017 | Book - Borrowing | 14/03/2016 | Lost In Inventory_2016-8-23 | |||||||
| Dewey Decimal Classification | Baccah | Central Library | Central Library | First floor | 10/03/2016 | Purchase | 2 | 621 BOL | 000031985 | 15/07/2025 | Book - Borrowing | 6 | 14/04/2018 | ||||||||
| Dewey Decimal Classification | Baccah | Central Library | Central Library | First floor | 10/03/2016 | Purchase | 6 | 621 BOL | 000031986 | 15/07/2025 | Book - Borrowing | 46 | 05/11/2023 | ||||||||
| Dewey Decimal Classification | Baccah | Central Library | Central Library | First floor | 10/03/2016 | Purchase | 3 | 621 BOL | 000031987 | 15/07/2025 | Book - Borrowing | 25 | 10/02/2018 |